LEADER 00786nam a2200205 i 4500 001 000000227509 003 CaOOAMICUS 005 20140227000000.0 008 140227s1975 it u000 u ger u 013 $a206411 020 $a3-579-04483-4 040 $aSeMil$bita 245 14$aDie Propheten des 6. Jahrhunderts. 300 $a236 p. 700 1 $aFohrer, Georg.$0(OLS)http://semarc/name/194 773 0 $aFohrer, Georg$tPropheten des Alten Testaments.$dGütersloh : Gütersloher Verlagshaus Gerd Mohn, 1974-1977.$gBand3$w()29497 850 $aSeMil 852 $aSeMil$W1$xVenegono$y1$m2Y I 193$j177855$B177855$CSeMilBibl$Z2$F188731 $81 996 $6020$a3-579-04483-4$9(OLS)http://semarc/number/229162 996 $6245$aDie Propheten des 6. Jahrhunderts$9(OLS)http://semarc/title/325625 LEADER 01431nam a2200301 i 4500 001 000000127625 003 CaOOAMICUS 005 20070806000000.0 008 070806s2007 it u000 u ita u 013 $a100338 020 $a978-88-401-4022-3 040 $aSeMil$bita 100 1 $aBattaglia, Gino.$0(OLS)http://semarc/name/53097 245 10$aCristiani indiani :$bi cristiani di San Tommaso nel confronto di civiltà del 16. secolo /$cGino Battaglia. 260 $aCittà del Vaticano :$bUrbaniana University Press,$ccopyr. 2007. 300 $a231 p. ;$c24 cm. 490 0 $aVaria 500 $aContiene : Bibliografia. - Appartenenza alla collana presa da catalogo. 650 4$aChiesa caldea.$0(OLS)http://semarc/subject/10888 650 4$aGesuiti - Missioni - India - Sec. 16.-17.$0(OLS)http://semarc/subject/25087 650 4$aCristiani di San Tommaso.$0(OLS)http://semarc/subject/25088 830 0$aVaria.$0(OLS)http://semarc/title/7982 850 $aSeMil 852 $aSeMil$W1$xVenegono$y1$m3A IV 8$j81902$B81902$CSeMilBibl$Z2$F127069 $81 961 $aAcquisto: Urbaniana University Press 996 $6020$a978-88-401-4022-3$9(OLS)http://semarc/number/114080 996 $6245$aCristiani indiani :$bi cristiani di San Tommaso nel confronto di civiltà del 16. secolo$9(OLS)http://semarc/title/188379 996 $6260$aCittà del Vaticano :$bUrbaniana University Press$9(OLS)http://semarc/publisher/31817